Héros de Tap Titans - Statistiques

Statistiques générales
  • Ce quiz a été pris 14 fois
  • Le résultat moyen est 17 sur 35
Statistiques - réponses
Héros % Correct
Terra, la brûleuse de terre
100%
Chester le Dompteur
67%
Contessa, l'experte de la torche
67%
Deznis le Nettoyeur
67%
Eistor le Bannisseur
67%
Flavius et Oinksbjorn
67%
Inquisireaux le Terrible
67%
Jackalope le Tireur de Balles
67%
Jaqulin, l'inconnu
67%
Macelord l'Impitoyable
67%
Mila, la fée du marteau
67%
Mini Tom, le gardien du château
67%
Mohacas, le guerrier du vent
67%
Pixie la Fée Rebelle
67%
Seigneur des Ténèbres, Punisseur de tous
67%
Takeda, la lame assassine
67%
Charlotte la Spéciale
33%
Elpha, la maîtresse des pierres
33%
Gertrude, l'amazone des chèvres
33%
Hamlette, la peintre de crânes
33%
Hornetta, la reine des Valrunes
33%
Jordaan, le chevalier de Mini
33%
Jukka, le maître des haches
33%
Maître de l'épée
33%
Maître Faucon, prince de Houppe
33%
Maîtresse des sorts
33%
Miko, l'apprenti magicien
33%
Milo et Clonk-Clonk
33%
Orba, la voyante
33%
Pierre Piqûre, le guerrier épineux
33%
Poppy, la maîtresse de cérémonie
33%
Remus, le noble archer
33%
Skulptor, le protecteur des ponts
33%
Sterlin l'Enchanteur
33%
Twitterella, la twitteuse
33%
Aucun quiz correspondant
Distribution des résultats
% des personnes avec chaque résultat
Percentile par nombre de réponses
Votre historique - résultats
Vous n’avez pas pris ce quiz